=LDR 00000nam 2200000 4500 =001 INLIS000000000050257 =005 20170426111835 =035 ##$$a 0010-0417000072 =007 ta =008 170426###########################0###### =020 ##$$a 979 - 3931 -99 - x =082 ##$$a 610.730 1 =084 ##$$a 610.730 1 AMB b =100 #$$a Ambarwati, Fitri Respati =245 1#$$a Buku Pintar Asuhan Keperawatan Kesehatan Jiwa /$c Fitri Respati Ambarwati =250 ##$$a Cet.1 =260 ##$$a Yogyakarta :$b Cakrawala Ilmu,$c 2015 =300 ##$$a viii, 188 hlm. ; $c 20 cm. =650 ##$$a Keperawatan =990 ##$$a 73877387 =990 ##$$a 73877387 =990 ##$$a 31700225 =990 ##$$a 02201707387 =990 ##$$a 31700226 =990 ##$$a 31700225